00286nam a2200109Ia 4500008004100000082001800041100002200059245003200081260003900113300000800152650001600160191201s2003 xx 000 0 und d a621.3815bDED aDEMASSA, Thomas A 0aDigital Integrated Circuits aN.DelhibJohn wiley and Sonsc2003 a683 aB.Tech(ECE)